000 00887nam a2200241 i 4500
001 17135
003 ES-MaACL
005 20230906151518.0
007 t|
008 001227s2000 sp ||||1| spa d
020 _a84-95240-16-5
080 _a352(460)(038)
100 1 _aHerrera, Francisco.
_963194
245 1 0 _aDiccionario de municipalismo /
_cFrancisco Herrera ; con la colaboración de Tomás Alberich y Jesús Martín.
250 _a[3ª ed. rev. y ampl.].
260 _aMadrid :
_bCentro de Estudios Registrales,
_c[2000]
300 _a451 p. ;
_c23 cm.
650 1 4 _aAdministración municipal-
_zEspaña-
_vDiccionarios.
_99643
700 1 _aAlberich, Tomás.
_919283
700 1 _aMartín, Jesús.
_977315
710 2 _aColegio de Registradores de la Propiedad y Mercantiles de España.
_bCentro de Estudios Registrales.
_9162314
852 _aES-MaACL
_jL-23938
_bR.129472
999 _c17135
_d17135